[Event "Open Marianske Lazne 2015 - B1 - mistro"]
[Site "Marianske Lazne CZE"]
[Date "2015.01.21"]
[Round "6.3"]
[White "Martynkova, Olena"]
[Black "Repka, Christopher"]
[Result "1/2-1/2"]
[WhiteElo "2124"]
[BlackElo "2417"]
[PlyCount "80"]
[EventDate "2015.01.17"]
[EventType "tourn"]
[EventRounds "9"]
[EventCountry "CZE"]
[EventCategory "1"]
[Source "lmi"]
[SourceDate "2015.01.17"]

1. d4 Nf6 2. c4 e6 3. g3 c5 4. d5 exd5 5. cxd5 d6 6. Nc3 g6 7. Bg2 Bg7 8. Nf3
O-O 9. O-O Re8 10. Bf4 Ne4 11. Rc1 Bf5 12. Nh4 Nxc3 13. bxc3 Bg4 14. Nf3 Nd7
15. h3 Bxf3 16. Bxf3 g5 17. Bd2 b5 18. c4 bxc4 19. Rxc4 Ne5 20. Rc1 Nxf3+ 21.
exf3 Qf6 22. Bc3 Qf5 23. Kg2 Bxc3 24. Rxc3 Re5 25. Qb3 Rxd5 26. Rd1 Rxd1 27.
Qxd1 Rd8 28. Qd2 h6 29. Rc4 Qe6 30. Rxc5 dxc5 31. Qxd8+ Kg7 32. h4 gxh4 33.
Qxh4 Qxa2 34. Qg4+ Kf6 35. Qf4+ Ke6 36. Qc7 Qa3 37. f4 h5 38. Qc6+ Ke7 39. Qc7+
Ke8 40. Qc8+ Ke7 1/2-1/2

[Event "Open Marianske Lazne 2015 - B1 - mistro"]
[Site "Marianske Lazne CZE"]
[Date "2015.01.21"]
[Round "6.4"]
[White "Lokander, Martin"]
[Black "Gumularz, Szymon"]
[Result "1/2-1/2"]
[WhiteElo "2357"]
[BlackElo "2256"]
[PlyCount "23"]
[EventDate "2015.01.17"]
[EventType "tourn"]
[EventRounds "9"]
[EventCountry "CZE"]
[EventCategory "1"]
[Source "lmi"]
[SourceDate "2015.01.17"]

1. Nf3 d5 2. c4 c6 3. cxd5 cxd5 4. d4 Nf6 5. Nc3 Nc6 6. Bf4 Bf5 7. e3 e6 8. Bd3
Bxd3 9. Qxd3 Bd6 10. Bxd6 Qxd6 11. O-O O-O 12. Rfc1 1/2-1/2

[Event "Open Marianske Lazne 2015 - B1 - mistro"]
[Site "Marianske Lazne CZE"]
[Date "2015.01.21"]
[Round "6.5"]
[White "Jurek, Josef"]
[Black "Gungl, Theo"]
[Result "1-0"]
[WhiteElo "2291"]
[BlackElo "2151"]
[PlyCount "47"]
[EventDate "2015.01.17"]
[EventType "tourn"]
[EventRounds "9"]
[EventCountry "CZE"]
[EventCategory "1"]
[Source "lmi"]
[SourceDate "2015.01.17"]

1. Nf3 d5 2. d4 Nf6 3. c4 c6 4. Nc3 e6 5. e3 Nbd7 6. Qc2 Bd6 7. Bd3 O-O 8. O-O
dxc4 9. Bxc4 b5 10. Be2 Bb7 11. Rd1 Qe7 12. e4 e5 13. dxe5 Nxe5 14. Nd4 Bc5 15.
Be3 Neg4 16. Bxg4 Nxg4 17. Nf5 Qe5 18. Bxc5 Qxc5 19. Qe2 Nf6 20. Rd6 Qe5 21. f4
Qxf4 22. Rxf6 gxf6 23. Rf1 Qg5 24. h4 1-0

[Event "Open Marianske Lazne 2015 - B1 - mistro"]
[Site "Marianske Lazne CZE"]
[Date "2015.01.22"]
[Round "7.1"]
[White "Gungl, Theo"]
[Black "Gadimbayli, Abdulla"]
[Result "1-0"]
[WhiteElo "2151"]
[BlackElo "2184"]
[PlyCount "97"]
[EventDate "2015.01.17"]
[EventType "tourn"]
[EventRounds "9"]
[EventCountry "CZE"]
[EventCategory "1"]
[Source "lmi"]
[SourceDate "2015.01.17"]

1. e4 e6 2. d4 d5 3. Nd2 Nf6 4. e5 Nfd7 5. Bd3 c5 6. c3 Nc6 7. Ne2 cxd4 8. cxd4
f6 9. exf6 Nxf6 10. Nf3 Bd6 11. O-O O-O 12. Bf4 Bxf4 13. Nxf4 Ng4 14. g3 g5 15.
Ng2 Qf6 16. Be2 Nh6 17. Ne3 Bd7 18. Qd2 Be8 19. Rae1 Qg7 20. Ne5 Nxe5 21. dxe5
Qxe5 22. Ng4 Qg7 23. Nxh6+ Qxh6 24. h4 Qg7 25. hxg5 Bc6 26. f4 e5 27. Rf2 Rae8
28. Bh5 e4 29. Bxe8 Rxe8 30. f5 Qe5 31. Qf4 Qxf4 32. Rxf4 d4 33. Rd1 d3 34. f6
Kf7 35. Kf1 Bb5 36. Rf5 Ba6 37. b4 Bc4 38. Rc5 b5 39. Rc7+ Kf8 40. Rxh7 Re5 41.
Re7 Rxg5 42. Rxe4 Rxg3 43. Kf2 Rh3 44. Rd2 Rh6 45. Rf4 Kf7 46. Ke3 Rxf6 47.
Rxf6+ Kxf6 48. Rh2 Ke5 49. a3 1-0

[Event "Open Marianske Lazne 2015 - B1 - mistro"]
[Site "Marianske Lazne CZE"]
[Date "2015.01.22"]
[Round "7.2"]
[White "Gumularz, Szymon"]
[Black "Jurek, Josef"]
[Result "0-1"]
[WhiteElo "2256"]
[BlackElo "2291"]
[PlyCount "108"]
[EventDate "2015.01.17"]
[EventType "tourn"]
[EventRounds "9"]
[EventCountry "CZE"]
[EventCategory "1"]
[Source "lmi"]
[SourceDate "2015.01.17"]

1. e4 e6 2. d4 d5 3. Nc3 Bb4 4. e5 c5 5. a3 Bxc3+ 6. bxc3 Qa5 7. Bd2 Qa4 8. Qg4
Kf8 9. Qd1 b6 10. dxc5 bxc5 11. Nf3 Ne7 12. Rb1 Ba6 13. Bd3 h6 14. O-O Kg8 15.
Ne1 Nd7 16. f4 Bxd3 17. cxd3 Qxd1 18. Rxd1 Rb8 19. Nf3 Kh7 20. Rb1 Rb6 21. Rxb6
axb6 22. Rb1 Ra8 23. Bc1 Kg8 24. Kf2 Kf8 25. Ke2 Ke8 26. Kd1 Kd8 27. Kc2 Kc7
28. Bb2 Nb8 29. g4 Nbc6 30. Rg1 Ng6 31. Bc1 Ra4 32. Kb3 b5 33. Be3 Nxf4 34.
Bxc5 Nxd3 35. Bd6+ Kb6 36. Bf8 Re4 37. Kc2 Ndxe5 38. Nxe5 Nxe5 39. Bxg7 Nxg4
40. Bd4+ Kc6 41. h3 Ne3+ 42. Kd3 Nf5 43. Bf2 Rf4 44. Ke2 Ra4 45. Rg8 Rxa3 46.
Rf8 Nd6 47. Bd4 Ra2+ 48. Kf3 Rh2 49. Kg3 Rd2 50. Be5 Re2 51. Bf4 h5 52. Kf3 Re4
53. Rh8 e5 54. Bh2 h4 0-1

[Event "Open Marianske Lazne 2015 - B1 - mistro"]
[Site "Marianske Lazne CZE"]
[Date "2015.01.22"]
[Round "7.3"]
[White "Repka, Christopher"]
[Black "Lokander, Martin"]
[Result "1-0"]
[WhiteElo "2417"]
[BlackElo "2357"]
[PlyCount "109"]
[EventDate "2015.01.17"]
[EventType "tourn"]
[EventRounds "9"]
[EventCountry "CZE"]
[EventCategory "1"]
[Source "lmi"]
[SourceDate "2015.01.17"]

1. Nf3 d5 2. d4 c5 3. c4 cxd4 4. cxd5 Nf6 5. Qxd4 Qxd5 6. Qxd5 Nxd5 7. Bd2 Nc6
8. Nc3 Nxc3 9. Bxc3 e6 10. a3 Bd7 11. e4 f6 12. e5 f5 13. Bc4 Be7 14. h4 h6 15.
Rd1 Rd8 16. h5 Bc8 17. Rxd8+ Bxd8 18. Nh4 Bxh4 19. Rxh4 O-O 20. Rf4 Bd7 21. Bb3
a6 22. Rf3 Bc8 23. Ke2 f4 24. Bc2 Ne7 25. Bb4 Nc6 26. Bxf8 Nd4+ 27. Kd3 Nxf3
28. gxf3 Kxf8 29. Ke4 Bd7 30. Kxf4 a5 31. Kg4 Ke7 32. f4 Bc6 33. f5 Bb5 34.
fxe6 Be2+ 35. f3 Kxe6 36. Kf4 b6 37. Bf5+ Kd5 38. Bg6 Ke6 39. Ke3 Bf1 40. Kd4
Be2 41. Ke4 Bd1 42. Bf5+ Ke7 43. Bg4 Be2 44. Kd5 Bb5 45. f4 Ba4 46. f5 Be8 47.
Bd1 Bb5 48. b3 Be8 49. Be2 Bf7+ 50. e6 Be8 51. a4 Kf6 52. Kd6 Kxf5 53. Ke7 Bc6
54. Kf7 Bd5 55. Bc4 1-0

[Event "Open Marianske Lazne 2015 - B1 - mistro"]
[Site "Marianske Lazne CZE"]
[Date "2015.01.22"]
[Round "7.4"]
[White "Ioannidis, Evgenios"]
[Black "Martynkova, Olena"]
[Result "1/2-1/2"]
[WhiteElo "2087"]
[BlackElo "2124"]
[PlyCount "75"]
[EventDate "2015.01.17"]
[EventType "tourn"]
[EventRounds "9"]
[EventCountry "CZE"]
[EventCategory "1"]
[Source "lmi"]
[SourceDate "2015.01.17"]

1. e4 e5 2. Nf3 Nc6 3. Bb5 a6 4. Ba4 Nf6 5. O-O Be7 6. Re1 b5 7. Bb3 d6 8. c3
O-O 9. h3 Nb8 10. d3 Nbd7 11. Nbd2 Bb7 12. Nf1 Nc5 13. Bc2 Re8 14. Ng3 Bf8 15.
b4 Ne6 16. d4 exd4 17. Nxd4 Nxd4 18. Qxd4 c5 19. bxc5 dxc5 20. Qxd8 Raxd8 21.
Bg5 Be7 22. Nf5 h6 23. Nxe7+ Rxe7 24. Be3 Nxe4 25. Bxc5 Re6 26. Bxe4 Bxe4 27.
a4 Rd5 28. Bb4 Rg5 29. g3 Rh5 30. axb5 axb5 31. h4 g5 32. Rad1 gxh4 33. Rd4 Bf5
34. Rxe6 Bxe6 35. Rxh4 Rxh4 36. gxh4 Kg7 37. Kg2 Kg6 38. Kg3 1/2-1/2

[Event "Open Marianske Lazne 2015 - B1 - mistro"]
[Site "Marianske Lazne CZE"]
[Date "2015.01.22"]
[Round "7.5"]
[White "Demidov, Mikhail"]
[Black "Mazja, Aleksandr G"]
[Result "1-0"]
[WhiteElo "2519"]
[BlackElo "2297"]
[PlyCount "47"]
[EventDate "2015.01.17"]
[EventType "tourn"]
[EventRounds "9"]
[EventCountry "CZE"]
[EventCategory "1"]
[Source "lmi"]
[SourceDate "2015.01.17"]

1. Nf3 Nf6 2. g3 g6 3. b3 Bg7 4. Bb2 O-O 5. Bg2 d5 6. c4 c5 7. O-O Nc6 8. cxd5
Nxd5 9. Bxg7 Kxg7 10. d4 cxd4 11. Nxd4 Ndb4 12. Nxc6 Nxc6 13. Nc3 Qa5 14. Qc1
e5 15. Bxc6 bxc6 16. Rd1 Ba6 17. Qe3 Rfd8 18. Rac1 Re8 19. Rd7 Bc8 20. Rd6 Bb7
21. Rcd1 Re7 22. Ne4 Rae8 23. Nf6 Rc8 24. Qg5 1-0

[Event "Open Marianske Lazne 2015 - B1 - mistro"]
[Site "Marianske Lazne CZE"]
[Date "2015.01.23"]
[Round "8.1"]
[White "Gadimbayli, Abdulla"]
[Black "Mazja, Aleksandr G"]
[Result "1-0"]
[WhiteElo "2184"]
[BlackElo "2297"]
[PlyCount "53"]
[EventDate "2015.01.17"]
[EventType "tourn"]
[EventRounds "9"]
[EventCountry "CZE"]
[EventCategory "1"]
[Source "lmi"]
[SourceDate "2015.01.17"]

1. e4 c5 2. Nf3 e6 3. d4 cxd4 4. Nxd4 a6 5. Bd3 d6 6. O-O Nf6 7. c4 Be7 8. Nc3
O-O 9. f4 Nbd7 10. Qe2 Qc7 11. Kh1 Re8 12. Bd2 b6 13. Rae1 Rd8 14. Nf3 Bb7 15.
e5 Ne8 16. f5 Bxf3 17. Qxf3 Nxe5 18. Rxe5 dxe5 19. fxe6 Nf6 20. Nd5 Nxd5 21.
Bxh7+ Kh8 22. Qh3 Bf6 23. Be4+ Kg8 24. Qh7+ Kf8 25. Bxd5 a5 26. Rxf6 gxf6 27.
exf7 1-0

[Event "Open Marianske Lazne 2015 - B1 - mistro"]
[Site "Marianske Lazne CZE"]
[Date "2015.01.23"]
[Round "8.2"]
[White "Martynkova, Olena"]
[Black "Demidov, Mikhail"]
[Result "0-1"]
[WhiteElo "2124"]
[BlackElo "2519"]
[PlyCount "104"]
[EventDate "2015.01.17"]
[EventType "tourn"]
[EventRounds "9"]
[EventCountry "CZE"]
[EventCategory "1"]
[Source "lmi"]
[SourceDate "2015.01.17"]

1. d4 e6 2. g3 c5 3. Nf3 Nf6 4. c4 cxd4 5. Nxd4 a6 6. Bg2 Qc7 7. b3 Bb4+ 8. Bd2
Bc5 9. Bc3 Nc6 10. O-O h5 11. Nxc6 dxc6 12. b4 Be7 13. Nd2 Bd7 14. Nf3 c5 15.
Be5 Qc8 16. Bd6 cxb4 17. Ne5 Ng4 18. Bxe7 Kxe7 19. Qxd7+ Qxd7 20. Nxd7 Kxd7 21.
Rfb1 a5 22. a3 Kc7 23. h3 Ne5 24. axb4 axb4 25. Rxa8 Rxa8 26. Rxb4 Ra1+ 27. Kh2
b6 28. f4 Nd7 29. Bf3 g6 30. g4 h4 31. Kg2 Nc5 32. Kf2 Ra3 33. Rb1 f6 34. f5
exf5 35. gxf5 g5 36. Rd1 Rc3 37. Rd4 Nd7 38. e3 Ne5 39. Be2 Ra3 40. Rd5 Ra5 41.
Rd2 Rc5 42. Rd4 Nc6 43. Rd5 Rxd5 44. cxd5 Ne5 45. e4 Kd6 46. Ke3 Kc5 47. Bd1 b5
48. Bc2 Kc4 49. d6 Kc5 50. Bb3 Kxd6 51. Kd4 g4 52. Ke3 g3 0-1

[Event "Open Marianske Lazne 2015 - B1 - mistro"]
[Site "Marianske Lazne CZE"]
[Date "2015.01.23"]
[Round "8.3"]
[White "Lokander, Martin"]
[Black "Ioannidis, Evgenios"]
[Result "1/2-1/2"]
[WhiteElo "2357"]
[BlackElo "2087"]
[PlyCount "47"]
[EventDate "2015.01.17"]
[EventType "tourn"]
[EventRounds "9"]
[EventCountry "CZE"]
[EventCategory "1"]
[Source "lmi"]
[SourceDate "2015.01.17"]

1. d4 d5 2. c4 c6 3. Nc3 Nf6 4. e3 e6 5. Nf3 Nbd7 6. Bd3 dxc4 7. Bxc4 b5 8. Bd3
Bb7 9. O-O a6 10. e4 c5 11. d5 Qc7 12. Bc2 Bd6 13. dxe6 fxe6 14. Ng5 Nf8 15. f4
O-O-O 16. Qe2 h6 17. Nf3 Bxf4 18. e5 Bxf3 19. Qxf3 Bxe5 20. Qa8+ Qb8 21. Qc6+
Qc7 22. Qa8+ Qb8 23. Qc6+ Qc7 24. Qa8+ 1/2-1/2

[Event "Open Marianske Lazne 2015 - B1 - mistro"]
[Site "Marianske Lazne CZE"]
[Date "2015.01.23"]
[Round "8.4"]
[White "Jurek, Josef"]
[Black "Repka, Christopher"]
[Result "0-1"]
[WhiteElo "2291"]
[BlackElo "2417"]
[PlyCount "90"]
[EventDate "2015.01.17"]
[EventType "tourn"]
[EventRounds "9"]
[EventCountry "CZE"]
[EventCategory "1"]
[Source "lmi"]
[SourceDate "2015.01.17"]

1. Nf3 Nf6 2. c4 e6 3. g3 b6 4. Bg2 Bb7 5. O-O Be7 6. d4 O-O 7. Nc3 Ne4 8. Qc2
Nxc3 9. Qxc3 d6 10. b3 Nd7 11. Bb2 Nf6 12. Rad1 a5 13. d5 e5 14. Ne1 Nd7 15. e4
Bf6 16. a3 Nc5 17. Qc2 Nd7 18. b4 Qe7 19. Nd3 c6 20. Rfe1 Rfc8 21. Qb3 axb4 22.
axb4 b5 23. cxb5 cxb5 24. f4 exf4 25. gxf4 Nb6 26. Bxf6 Qxf6 27. e5 Qg6 28. Kh1
Qxg2+ 29. Kxg2 Bxd5+ 30. Qxd5 Nxd5 31. exd6 Rd8 32. Kh1 Rxd6 33. Nc5 Rdd8 34.
Nb7 Rd7 35. Nc5 Re7 36. Rxe7 Nxe7 37. Rd7 Ng6 38. Nd3 Nh4 39. Kg1 g6 40. Ne5
Ra1+ 41. Kf2 Ra2+ 42. Kg3 Nf5+ 43. Kf3 Ra3+ 44. Ke4 Rb3 45. Nxf7 Re3+ 0-1

[Event "Open Marianske Lazne 2015 - B1 - mistro"]
[Site "Marianske Lazne CZE"]
[Date "2015.01.24"]
[Round "9.1"]
[White "Gumularz, Szymon"]
[Black "Gadimbayli, Abdulla"]
[Result "1/2-1/2"]
[WhiteElo "2256"]
[BlackElo "2184"]
[PlyCount "73"]
[EventDate "2015.01.17"]
[EventType "tourn"]
[EventRounds "9"]
[EventCountry "CZE"]
[EventCategory "1"]
[Source "lmi"]
[SourceDate "2015.01.17"]

1. c4 e5 2. Nc3 Nc6 3. e3 f5 4. d4 Nf6 5. Nf3 e4 6. Nd2 g6 7. f3 Bh6 8. f4 d5
9. cxd5 Ne7 10. Qa4+ Kf8 11. Qa3 Kf7 12. d6 Qxd6 13. Qb3+ Ned5 14. Nc4 Qb4 15.
Ne5+ Kg7 16. Bc4 Qxb3 17. Bxb3 Be6 18. Bd2 Rhe8 19. Na4 c6 20. Nc5 Bc8 21. Rc1
Kg8 22. h3 g5 23. g3 Re7 24. Kf2 Rg7 25. Rhg1 Kf8 26. a3 Ke8 27. Bd1 Kd8 28. b4
a6 29. Bb3 Kc7 30. Ba2 Kd6 31. Nc4+ Kc7 32. Ne5 Kd6 33. Nb3 Be6 34. Nc5 Bc8 35.
Nc4+ Kc7 36. Ne5 Kd6 37. Nc4+ 1/2-1/2

[Event "Open Marianske Lazne 2015 - B1 - mistro"]
[Site "Marianske Lazne CZE"]
[Date "2015.01.24"]
[Round "9.2"]
[White "Repka, Christopher"]
[Black "Gungl, Theo"]
[Result "1-0"]
[WhiteElo "2417"]
[BlackElo "2151"]
[PlyCount "73"]
[EventDate "2015.01.17"]
[EventType "tourn"]
[EventRounds "9"]
[EventCountry "CZE"]
[EventCategory "1"]
[Source "lmi"]
[SourceDate "2015.01.17"]

1. d4 d5 2. c4 c6 3. Nc3 Nf6 4. e3 e6 5. Nf3 Nbd7 6. Qc2 Bd6 7. Bd3 O-O 8. O-O
dxc4 9. Bxc4 b5 10. Be2 Bb7 11. Rd1 Qc7 12. e4 e5 13. dxe5 Nxe5 14. g3 Rfe8 15.
Bg5 Neg4 16. Rac1 Rac8 17. Nd4 a6 18. Bxg4 Nxg4 19. Qe2 Ne5 20. Nd5 Qb8 21. Nb6
Rc7 22. Nf5 Bf8 23. Bf4 Bc8 24. Nxc8 Qxc8 25. b3 f6 26. h4 Rd8 27. Bxe5 fxe5
28. Qg4 g6 29. h5 Rxd1+ 30. Rxd1 Kf7 31. hxg6+ hxg6 32. Rd6 gxf5 33. Qg6+ Ke7
34. Rf6 Rb7 35. Qf7+ Kd8 36. Qxf8+ Kc7 37. Rxc6+ 1-0

[Event "Open Marianske Lazne 2015 - B1 - mistro"]
[Site "Marianske Lazne CZE"]
[Date "2015.01.24"]
[Round "9.3"]
[White "Ioannidis, Evgenios"]
[Black "Jurek, Josef"]
[Result "1-0"]
[WhiteElo "2087"]
[BlackElo "2291"]
[PlyCount "97"]
[EventDate "2015.01.17"]
[EventType "tourn"]
[EventRounds "9"]
[EventCountry "CZE"]
[EventCategory "1"]
[Source "lmi"]
[SourceDate "2015.01.17"]

1. d4 Nf6 2. c4 e6 3. Nc3 Bb4 4. e3 b6 5. Nge2 Ba6 6. a3 Bxc3+ 7. Nxc3 d5 8. b3
c5 9. dxc5 bxc5 10. Be2 Nc6 11. O-O dxc4 12. bxc4 Qxd1 13. Rxd1 Na5 14. Nb5
Bxb5 15. cxb5 O-O 16. Bb2 Nd5 17. e4 Nf4 18. Bf1 Rfd8 19. Rxd8+ Rxd8 20. Be5
Nb3 21. Rb1 Nd2 22. Rc1 Ng6 23. Bc7 Rc8 24. Rxc5 Nxe4 25. Rc1 Nd2 26. Rc2 Nb3
27. Rc3 Nd4 28. Ba5 Rxc3 29. Bxc3 e5 30. Bb4 Nf4 31. a4 Nd5 32. Bd6 Nf4 33.
Bxe5 Nh3+ 34. gxh3 Nf3+ 35. Kg2 Nxe5 36. f4 Nd7 37. a5 Nc5 38. Bc4 Kf8 39. b6
axb6 40. a6 Nxa6 41. Bxa6 Ke7 42. Kf3 f5 43. h4 Kf6 44. h5 g5 45. hxg6 hxg6 46.
h4 Kg7 47. Kg3 Kf6 48. Bb5 Ke6 49. h5 1-0

[Event "Open Marianske Lazne 2015 - B1 - mistro"]
[Site "Marianske Lazne CZE"]
[Date "2015.01.24"]
[Round "9.4"]
[White "Demidov, Mikhail"]
[Black "Lokander, Martin"]
[Result "1-0"]
[WhiteElo "2519"]
[BlackElo "2357"]
[PlyCount "77"]
[EventDate "2015.01.17"]
[EventType "tourn"]
[EventRounds "9"]
[EventCountry "CZE"]
[EventCategory "1"]
[Source "lmi"]
[SourceDate "2015.01.17"]

1. Nc3 e5 2. Nf3 Nc6 3. d4 exd4 4. Nxd4 Nf6 5. Bg5 Bb4 6. Nxc6 Bxc3+ 7. bxc3
bxc6 8. Qd4 O-O 9. e3 d6 10. Bd3 Be6 11. O-O c5 12. Qa4 h6 13. Bh4 Bd7 14. Qa5
Bc6 15. Rab1 Qd7 16. c4 Ng4 17. Bg3 Rfe8 18. Rb3 Rab8 19. Rfb1 Rb6 20. Qxa7 Ra8
21. Rxb6 Rxa7 22. Rb8+ Qe8 23. Be4 Ba4 24. f3 Nf6 25. Bd3 Bd7 26. Rxe8+ Bxe8
27. e4 Nd7 28. f4 Nb6 29. e5 dxe5 30. Re1 Rxa2 31. Rxe5 Ba4 32. h3 f6 33. Re2
Bc6 34. Re7 Ba4 35. Bg6 Kf8 36. Rxc7 Bxc2 37. f5 Nxc4 38. Bf2 Kg8 39. Rc8# 1-0

[Event "Open Marianske Lazne 2015 - B1 - mistro"]
[Site "Marianske Lazne CZE"]
[Date "2015.01.24"]
[Round "9.5"]
[White "Mazja, Aleksandr G"]
[Black "Martynkova, Olena"]
[Result "0-1"]
[WhiteElo "2297"]
[BlackElo "2124"]
[PlyCount "120"]
[EventDate "2015.01.17"]
[EventType "tourn"]
[EventRounds "9"]
[EventCountry "CZE"]
[EventCategory "1"]
[Source "lmi"]
[SourceDate "2015.01.17"]

1. d4 Nf6 2. Nf3 g6 3. Bg5 Bg7 4. Nbd2 O-O 5. e4 d6 6. Be2 c5 7. c3 cxd4 8.
cxd4 Nc6 9. O-O h6 10. Bh4 g5 11. d5 gxh4 12. dxc6 h3 13. Nd4 hxg2 14. Re1 bxc6
15. Nxc6 Qd7 16. Bb5 Qb7 17. Qe2 Kh8 18. Rac1 Bg4 19. Qd3 a6 20. Ba4 Nd7 21. b4
Rac8 22. Nb3 Ne5 23. Nxe5 Bxe5 24. a3 Rxc1 25. Rxc1 Rc8 26. Rxc8+ Qxc8 27. Kxg2
Qc3 28. Qxc3 Bxc3 29. Be8 Kg7 30. b5 axb5 31. Bxb5 Be6 32. Nc1 Bb2 33. Ne2 Bxa3
34. Nd4 Bc8 35. Nf5+ Kf6 36. Nxh6 Kg6 37. Nf5 Bxf5 38. exf5+ Kxf5 39. Kf3 d5
40. Bd3+ Kg5 41. Bb5 Kf5 42. Be8 Kf6 43. Ke2 e5 44. f3 Ke6 45. h4 f5 46. h5 Bf8
47. Bc6 e4 48. Bb7 Ke5 49. Bc6 d4 50. fxe4 fxe4 51. Bb5 Bh6 52. Ba6 Kd6 53. Bb5
Kc5 54. Ba6 Bg5 55. h6 Bxh6 56. Bc8 d3+ 57. Kf1 Kd4 58. Bg4 Bd2 59. Bh5 e3 60.
Bg4 Kc3 0-1

[Event "Open Marianske Lazne 2015 - B2 - mistro"]
[Site "Marianske Lazne CZE"]
[Date "2015.01.17"]
[Round "1.1"]
[White "Paramzina, Anastasia"]
[Black "Varitski, Igor"]
[Result "1-0"]
[WhiteElo "2083"]
[BlackElo "2225"]
[PlyCount "33"]
[EventDate "2015.01.17"]
[EventType "tourn"]
[EventRounds "9"]
[EventCountry "CZE"]
[EventCategory "1"]
[Source "lmi"]
[SourceDate "2015.01.17"]

1. e4 c6 2. d4 d5 3. Nc3 dxe4 4. Nxe4 Bf5 5. Ng3 Bg6 6. Nf3 Nd7 7. h4 h6 8. h5
Bh7 9. Bd3 Bxd3 10. Qxd3 e6 11. Bd2 Ngf6 12. O-O-O Be7 13. Ne4 Nxe4 14. Qxe4
Nf6 15. Qd3 Ng4 16. Rdf1 Qb6 17. Ne5 1-0

[Event "Open Marianske Lazne 2015 - B2 - mistro"]
[Site "Marianske Lazne CZE"]
[Date "2015.01.17"]
[Round "1.2"]
[White "Grishchenko, Sergey"]
[Black "Nayhebaver, Martin"]
[Result "1-0"]
[WhiteElo "2417"]
[BlackElo "2338"]
[PlyCount "61"]
[EventDate "2015.01.17"]
[EventType "tourn"]
[EventRounds "9"]
[EventCountry "CZE"]
[EventCategory "1"]
[Source "lmi"]
[SourceDate "2015.01.17"]

1. d4 Nf6 2. c4 e6 3. Nc3 Bb4 4. e3 O-O 5. Nge2 d5 6. a3 Bd6 7. c5 Be7 8. b4 b6
9. Nf4 a5 10. Bb2 Re8 11. Be2 c6 12. Nd3 Ba6 13. Qc2 Bc4 14. O-O Bf8 15. Rfc1
Nbd7 16. e4 dxe4 17. Nxe4 Nxe4 18. Qxc4 b5 19. Qc2 Qc7 20. a4 bxa4 21. Qxa4 Ra7
22. Bf3 Ndf6 23. Re1 Nd2 24. Bxc6 axb4 25. Qxa7 Qxc6 26. Nxb4 Qb5 27. Qa4 Qb8
28. Nd3 Rd8 29. Qc2 Nde4 30. Ne5 Qb5 31. Rab1 1-0

[Event "Open Marianske Lazne 2015 - B2 - mistro"]
[Site "Marianske Lazne CZE"]
[Date "2015.01.17"]
[Round "1.3"]
[White "Piotrowski, Przemyslaw"]
[Black "Burnett, Andrew"]
[Result "0-1"]
[WhiteElo "2191"]
[BlackElo "2274"]
[PlyCount "66"]
[EventDate "2015.01.17"]
[EventType "tourn"]
[EventRounds "9"]
[EventCountry "CZE"]
[EventCategory "1"]
[Source "lmi"]
[SourceDate "2015.01.17"]

1. Nf3 Nf6 2. d4 c5 3. d5 d6 4. c4 e5 5. Nc3 Nbd7 6. e4 a6 7. a4 g6 8. g3 Bg7
9. Bg2 O-O 10. O-O h6 11. Ne1 Nh7 12. f4 f5 13. Nd3 Qe8 14. fxe5 Nxe5 15. Nxe5
Qxe5 16. Bf4 Qf6 17. Re1 g5 18. Bc1 Qg6 19. Qe2 f4 20. g4 Bd4+ 21. Kh1 Nf6 22.
Bf3 Nd7 23. a5 Bxc3 24. bxc3 Ne5 25. h3 Rf7 26. Ra2 Rb8 27. Ba3 Qf6 28. Rb2 h5
29. Kg2 hxg4 30. hxg4 Rh7 31. Rh1 Rxh1 32. Kxh1 Qh6+ 33. Kg1 Qh3 0-1

[Event "Open Marianske Lazne 2015 - B2 - mistro"]
[Site "Marianske Lazne CZE"]
[Date "2015.01.17"]
[Round "1.4"]
[White "Kulkarni, Bhakti"]
[Black "Menezes, Christoph"]
[Result "1/2-1/2"]
[WhiteElo "2292"]
[BlackElo "2296"]
[PlyCount "28"]
[EventDate "2015.01.17"]
[EventType "tourn"]
[EventRounds "9"]
[EventCountry "CZE"]
[EventCategory "1"]
[Source "lmi"]
[SourceDate "2015.01.17"]

1. d4 Nf6 2. c4 e6 3. Nc3 Bb4 4. e3 c5 5. Nge2 d5 6. a3 Bxc3+ 7. Nxc3 cxd4 8.
exd4 O-O 9. Be3 b6 10. Be2 dxc4 11. Bxc4 Bb7 12. O-O Nbd7 13. Qe2 Qe7 14. Rad1
Rfd8 1/2-1/2

[Event "Open Marianske Lazne 2015 - B2 - mistro"]
[Site "Marianske Lazne CZE"]
[Date "2015.01.17"]
[Round "1.5"]
[White "Asadli, Vugar"]
[Black "Biolek-Sen., Richard"]
[Result "1-0"]
[WhiteElo "2127"]
[BlackElo "2424"]
[PlyCount "109"]
[EventDate "2015.01.17"]
[EventType "tourn"]
[EventRounds "9"]
[EventCountry "CZE"]
[EventCategory "1"]
[Source "lmi"]
[SourceDate "2015.01.17"]

1. e4 e5 2. Nf3 Nc6 3. d4 exd4 4. Nxd4 Nf6 5. Nc3 Bb4 6. Nxc6 bxc6 7. Bd3 d5 8.
exd5 cxd5 9. O-O O-O 10. h3 c6 11. Qf3 Bd6 12. Bf4 Rb8 13. b3 Rb4 14. Ne2 c5
15. c4 dxc4 16. Bxc4 Bb7 17. Qd3 Bxf4 18. Qxd8 Rxd8 19. Nxf4 g5 20. Ne2 Ne4 21.
Rfd1 Nd2 22. Nc3 Rd4 23. Nb5 Rdxc4 24. bxc4 Nxc4 25. Nc3 Bc6 26. Nd5 Rb7 27.
Rac1 Nb2 28. Rd2 Na4 29. Ne3 Rd7 30. Rxd7 Bxd7 31. Rc4 Kg7 32. g4 Kf6 33. f4
gxf4 34. Rxf4+ Ke6 35. Rf5 Bc6 36. h4 Be4 37. Rh5 f6 38. Kf1 Bg6 39. Rd5 Be4
40. Rd8 Ke5 41. Rc8 Nb6 42. Rc7 c4 43. Rxa7 c3 44. Rc7 Kd4 45. Kf2 Kd3 46. a4
Nd5 47. Nxd5 Bxd5 48. Rd7 Ke4 49. Ke2 Bc4+ 50. Kd1 Bb3+ 51. Kc1 Bxa4 52. Rxh7
Bb5 53. h5 Kf4 54. h6 Kg5 55. Rb7 1-0

[Event "Open Marianske Lazne 2015 - B2 - mistro"]
[Site "Marianske Lazne CZE"]
[Date "2015.01.18"]
[Round "2.1"]
[White "Varitski, Igor"]
[Black "Biolek-Sen., Richard"]
[Result "0-1"]
[WhiteElo "2225"]
[BlackElo "2424"]
[PlyCount "78"]
[EventDate "2015.01.17"]
[EventType "tourn"]
[EventRounds "9"]
[EventCountry "CZE"]
[EventCategory "1"]
[Source "lmi"]
[SourceDate "2015.01.17"]

1. e4 c5 2. Nf3 e6 3. d4 cxd4 4. Nxd4 Nc6 5. Nc3 Nf6 6. Ndb5 d6 7. Bf4 e5 8.
Bg5 a6 9. Bxf6 gxf6 10. Na3 b5 11. Nd5 Be6 12. c3 Bxd5 13. Qxd5 Ne7 14. Qd3 Qb6
15. g3 f5 16. Bg2 Rd8 17. O-O f4 18. Nc2 h5 19. Nb4 fxg3 20. hxg3 h4 21. Rfd1
d5 22. gxh4 Rd6 23. a4 Rg8 24. Kf1 bxa4 25. h5 a5 26. Nxd5 Nxd5 27. exd5 Rf6
28. Rd2 Bc5 29. Re1 Bxf2 30. Rxe5+ Kf8 31. Rf5 Be3 32. Re2 Rg5 33. Rxf6 Qxf6+
34. Ke1 Bf4 35. Qf3 Rg3 36. Qe4 a3 37. bxa3 Rxc3 38. Qe8+ Kg7 39. Be4 Rc1+ 0-1